书目信息 |
| 题名: |
富饶的盐水湿地
|
|
| 作者: | 沃克 , 伍德 著 ;崔岚 译 | |
| 分册: | ||
| 出版信息: | 上海 上海科学技术文献出版社 2006 |
|
| 页数: | 91页 | |
| 开本: | 23cm | |
| 丛书名: | 海洋生命丛书 | |
| 单 册: | ||
| 中图分类: | Q178.53 | |
| 科图分类: | ||
| 主题词: | 沼泽化地--海洋生物--普及读物 , 沼泽化地 , 海洋生物 | |
| 电子资源: | ||
| ISBN: | 7-5439-2874-4 | |
| 000 | 01331oam2 2200337 450 | |
| 001 | 003267066 | |
| 005 | 20070807161749.84 | |
| 010 | @a7-5439-2874-4@dCNY15.00 | |
| 035 | @a003267066 | |
| 100 | @a20060426d2006 em y0chiy0110 ea | |
| 101 | 1 | @achi@ceng |
| 102 | @aCN@b310000 | |
| 105 | @aa z 000yy | |
| 106 | @ar | |
| 200 | 1 | @a富饶的盐水湿地@Afu rao de yan shui shi di@f(美)帕姆·沃克(Pam Walker),(美)伊莱恩·伍德(Elaine Wood)著@F( mei ) pa mu· wo ke (Pam Walker),( mei ) yi lai en· wu de (Elaine Wood) zhu@g崔岚译@Gcui lan yi |
| 210 | @a上海@c上海科学技术文献出版社@d2006 | |
| 215 | @a91页@c图@d23cm | |
| 225 | 2 | @a海洋生命丛书@Ahai yang sheng ming cong shu |
| 312 | @a封面英文题名:The saltwater wetland | |
| 330 | @a本书描述了河口湾和盐水湿地独特的自然特征和生物特征,详尽的介绍了河口湾体系的地质特性,盐水湿地中生存的微生物、真菌和植物以及生活在河口湾的一些无脊椎动物、鱼类和脊椎动物。 | |
| 461 | 0 | @1001003295444@12001 @a海洋生命丛书 |
| 510 | 1 | @aSaltwater wetland@zeng |
| 606 | 0 | @a沼泽化地@x海洋生物@j普及读物 |
| 606 | 0 | @a沼泽化地 |
| 606 | 0 | @a海洋生物 |
| 690 | @aQ178.53@v4 | |
| 701 | 0 | @c(美)@a沃克@Awo ke@c(女,Walker, Pam)@4著 |
| 701 | 0 | @c(美)@a伍德@Awu de@c(女,Wood, Elaine)@4著 |
| 702 | 0 | @a崔岚@Acui lan@c(翻译)@4译 |
| 801 | 0 | @aCN@bNLC@c20070807 |
| 905 | @dQ178.53@e148@f5 | |
| 富饶的盐水湿地/(美)帕姆·沃克(Pam Walker),(美)伊莱恩·伍德(Elaine Wood)著/崔岚译.-上海:上海科学技术文献出版社,2006 |
| 91页:图;23cm.-(海洋生命丛书) |
| ISBN 7-5439-2874-4:CNY15.00 |
| 本书描述了河口湾和盐水湿地独特的自然特征和生物特征,详尽的介绍了河口湾体系的地质特性,盐水湿地中生存的微生物、真菌和植物以及生活在河口湾的一些无脊椎动物、鱼类和脊椎动物。 |
| ● |
| 相关链接 |
|
|
|
|
正题名:富饶的盐水湿地
索取号:Q178.53/148
 
预约/预借
| 序号 | 登录号 | 条形码 | 馆藏地/架位号 | 状态 | 备注 |
| 1 | 0853030 | 208530302 | 第二样本阅览室/ [索取号:Q178.53/148] | 在馆 | |
| 2 | 0853031 | 208530311 | 第三借阅区/ [索取号:Q178.53/148] | 在馆 | |
| 3 | 0853032 | 208530320 | 第三借阅区/ [索取号:Q178.53/148] | 在馆 | |
| 4 | 0853033 | 208530339 | 第三借阅区/ [索取号:Q178.53/148] | 在馆 | |
| 5 | 0853034 | 208530348 | 第三借阅区/ [索取号:Q178.53/148] | 在馆 |